Electric Power Monitoring Device / (Record no. 566090)
[ view plain ]
| 000 -LEADER | |
|---|---|
| fixed length control field | 00637nam a22001697a 4500 |
| 020 ## - INTERNATIONAL STANDARD BOOK NUMBER | |
| Qualifying information | Hard Cover |
| 082 ## - DEWEY DECIMAL CLASSIFICATION NUMBER | |
| Classification number | BISCE-6 HUM |
| 100 ## - MAIN ENTRY--PERSONAL NAME | |
| Personal name | Humad, Ahmed , Hassaan Khan, Muhammd |
| 245 ## - TITLE STATEMENT | |
| Title | Electric Power Monitoring Device / |
| Statement of responsibility, etc. | Humad Ahmed, Muhamma Hassaan Khan |
| 260 ## - PUBLICATION, DISTRIBUTION, ETC. | |
| Place of publication, distribution, etc. | Islamabad : |
| Name of publisher, distributor, etc. | SEECS-NUST |
| Date of publication, distribution, etc. | 2012. |
| 300 ## - PHYSICAL DESCRIPTION | |
| Extent | 112 p. |
| Dimensions | 30cm. |
| 650 ## - SUBJECT ADDED ENTRY--TOPICAL TERM | |
| Topical term or geographic name entry element | BS Information and Communication System Engineering |
| 700 ## - ADDED ENTRY--PERSONAL NAME | |
| Personal name | Mr. Mujtaba Haider |
| 856 ## - Uniform Resource Identifier | |
| Uniform Resource Identifier | <a href="http://10.250.8.41:8080/xmlui/handle/123456789/10373">http://10.250.8.41:8080/xmlui/handle/123456789/10373</a> |
| 942 ## - ADDED ENTRY ELEMENTS (KOHA) | |
| Source of classification or shelving scheme | |
| Koha item type | Thesis |
| 650 ## - SUBJECT ADDED ENTRY--TOPICAL TERM | |
| -- | 55272 |
| 700 ## - ADDED ENTRY--PERSONAL NAME | |
| -- | 55273 |
| Withdrawn status | Lost status | Source of classification or shelving scheme | Damaged status | Not for loan | Permanent Location | Current Location | Shelving location | Date acquired | Total Checkouts | Full call number | Barcode | Date last seen | Date last checked out | Price effective from | Koha item type |
|---|---|---|---|---|---|---|---|---|---|---|---|---|---|---|---|
| Central Library (CL) | Central Library (CL) | Thesis | 06/01/2021 | 2 | BISCE-6 HUM | SEECSP01168 | 06/02/2021 | 06/02/2021 | 06/01/2021 | Thesis |
